PNL-PNL-Paroles - Statistiques

Statistiques générales
  • Ce quiz a été pris 271 fois
  • Le résultat moyen est 176 sur 376
Statistiques - réponses
Paroles % Correct
V,
86%
la
77%
77%
on
76%
de
74%
Igo,
74%
en
72%
et
71%
se
70%
Espagne
68%
le
66%
Le
66%
ma
66%
puis
66%
R
66%
un
66%
vend,
66%
gros
65%
te
65%
beau
62%
Des
62%
j'suis
62%
J'suis
62%
j'suis,
62%
tu
62%
boule
61%
ca
61%
s'barre
61%
t'achètes
61%
plus
60%
Plus
60%
"como esta ?"
59%
du
59%
j'parle
59%
PNL,
59%
PNL
59%
au
57%
beuh,
57%
beuh
57%
Chica,
57%
chica,
57%
talons,
56%
chico
55%
pas
54%
veux ?
54%
combien
52%
loco
52%
pue
52%
dentelle
51%
j'me
51%
les
51%
ok
51%
belle
50%
Belle
50%
caleçon
50%
bonne
49%
Elle
49%
J'kiffe
49%
si
49%
t'es
49%
j'men
48%
j'm'en
48%
shorty
48%
coco
47%
s'a
47%
sa
47%
sort,
47%
sort
47%
Mec,
46%
QLF
46%
s'tue
46%
tape
46%
balade
45%
max'
45%
Paname
45%
Paname,
45%
dire,
44%
d'un
44%
go,
44%
kheys
44%
ne
44%
que
44%
rien,
44%
t'sert,
44%
t'sert
44%
vie
44%
car
43%
mer
43%
mes
43%
oh
43%
y'a
43%
J'pense
42%
sur
42%
Venezuela
42%
Wesh
42%
wesh
42%
beurette
41%
c'est
41%
d'une
41%
khabat
41%
loca
41%
pilon,
41%
Sourire
41%
vida
41%
Ah,
40%
Bitch,
40%
gens,
40%
J'calcule
40%
pour
40%
qui
40%
aux
39%
dans
39%
déboule
39%
mon
39%
N.O.S
39%
pompette
39%
même
38%
misère
38%
misère,
38%
nan,
38%
soleil
38%
vue
38%
zip,
38%
direction
37%
Louis
37%
miss
36%
ont,
36%
Snapchat,
36%
Today,
36%
tout
36%
Manny
35%
mieux
35%
quand
35%
sous
35%
champagne,
34%
moi
34%
Okay,
34%
taga,
34%
vendeur,
34%
Vuitton
34%
bon-char
33%
future,
33%
j'emmène
33%
m'kiffe
33%
qu'ca
33%
veut
33%
cool,
31%
j'vis
31%
ses
31%
avec
30%
j'la
30%
nique
30%
selfie
30%
sépare
30%
9-1
29%
j'sois
29%
langue,
29%
street
29%
canarde
28%
croisière
28%
fiche
28%
impolie
28%
J'ai
28%
j'ai
28%
qu'j'aurais
28%
savoir
28%
demoiselle
27%
départ
27%
Gucc'
27%
pige
27%
J'récupère
26%
avant
25%
braguette
25%
chickette,
25%
Gucci
25%
juste
25%
s'casse
25%
colis
24%
gang
24%
noir,
24%
regard
24%
attitude
23%
"open"
23%
roule,
23%
shneck
23%
bas,
22%
inconnue
22%
s'desserre
22%
fonce'
21%
une
21%
d'la
20%
keufs
20%
laisse
20%
rue
20%
danse
19%
distance
19%
jour
19%
l'air,
19%
teint,
19%
doigt
18%
film,
18%
j'prends
18%
paye
18%
toute
18%
cons',
17%
hood,
17%
l'année,
17%
Yah-yah-yah-yah
17%
cash,
16%
bossé
15%
liasse,
15%
audio,
14%
game,
13%
l'zef
13%
Caralho,
10%
dansez,
8%
hardocre,
1%
Aucun quiz correspondant
Distribution des résultats
% des personnes avec chaque résultat
Percentile par nombre de réponses
Votre historique - résultats
Vous n’avez pas pris ce quiz